Представление документа в формате RUSMARC

ПолеНазваниеЗначение
  Тип записи c
  Библиографический уровень m
001 Контрольный номер RU/УОНБ/EK_N/555008403
005 Дата корректировки 20260417132336.6
010 Индекс ISBN __
9 Тираж 2000 экз.
013 Номер (ISMN) __
d Цена 3 р. 78 к.
071 Издательские номер (звукозапись и ноты) 21
a Номер, присвоенный агентством 9299
100 Данные общей обработки __
a Данные общей обработки 20170802d1991 u y0rusy0189 ca
101 Язык документа 0_
a Язык текста rus
f Язык титульного листа rus
102 Страна публикации __
a Страна публикации RU
125 Кодированные данные звукозаписи и нотных изданий __
a Форма изложения нотного текста z|
128 Кодированные данные (звукозаписи-физические характеристики) __
a Кодированные данные: Музыкальная форма и тональность или лад zz
c Инструменты или голоса, рекомендуемые для солистов (устаревшее) tb||
200 Заглавие и сведения об ответственности 1_
a Заглавие Вып. 41
f Первые сведения об ответственности сост. В. Максименко
210 Выходные данные 1_
d Дата издания 1991
215 Физическое описание __
a Объем 64 с.
327 Примечание о содержании 11
a Примечание о содержании Содерж.: Дога Е. Вальс : из кф. "Мой ласковый и нежный зверь". - Петров А. А напоследок я скажу : из кф. "Жестокий романс". - Налбандян Э. Три зарисовки : Наигрыш ; Пейзаж ; В народном духе. - Панин П. Концертный этюд. - Непомнящий А. Тайна. - Осипов Н. Баллада о море. - Максименко В. Романс. - Каржавин С. Утренняя Гавана : гуахира. - Пахомов В. Аргентинская самба. - Чайковский П. Сентябрь. Охота : из цикла "Времена года". - Гайдн Й. Рондо : из "Сонаты № 43". - Скарлатти Д. Соната
461 Уровень набора _0
1 001RU/УОНБ/EK_N/550842244
1 200
a Концертные пьесы
b Ноты
e для шестиструнной гитары
v Вып. 41
1 210
a М.
c Советский композитор
d 1991
464 Аналитический уровень _0
1 2001
a Вальс
e из кф. "Мой ласковый и нежный зверь"
1 700 1
a Дога
b Е.
1 50010
a Мой ласковый и нежный зверь
464 Аналитический уровень _0
1 2001
a А напоследок я скажу
e из кф. "Жестокий романс"
1 700 1
a Петров
b А.
1 50010
a Жестокий романс
464 Аналитический уровень _0
1 2001
a Наигрыш
e из цикла "Три зарисовки"
1 700 1
a Налбандян
b Э.
1 50010
a Три зарисовки
464 Аналитический уровень _0
1 2001
a Концертный этюд
1 700 1
a Панин
b П.
464 Аналитический уровень _0
1 2001
a Тайна
1 700 1
a Непомнящий
b А.
464 Аналитический уровень _0
1 2001
a Баллада о море
1 700 1
a Осипов
b Н.
464 Аналитический уровень _0
1 2001
a Романс
1 700 1
a Максименко
b В.
464 Аналитический уровень _0
1 2001
a Утренняя Гавана
e гуахира
1 700 1
a Каржавин
b С.
464 Аналитический уровень _0
1 2001
a Аргентинская самба
1 700 1
a Пахомов
b В.
464 Аналитический уровень _0
1 2001
a Сентябрь
a Охота
e из цикла "Времена года"
1 700 1
a Чайковский
b П.
1 50010
a Времена года
464 Аналитический уровень _0
1 2001
a Рондо
e из "Сонаты № 43"
1 700 1
a Гайдн
b Й.
1 50010
a Соната № 43
464 Аналитический уровень _0
1 2001
a Соната
1 700 1
a Скарлатти
b Д.
464 Аналитический уровень _0
1 2001
a Пейзаж
e из цикла "Три зарисовки"
1 700 1
a Налбандян
b Э.
1 50010
a Три зарисовки
464 Аналитический уровень _0
1 2001
a В народном духе
e из цикла "Три зарисовки"
1 700 1
a Налбандян
b Э.
1 50010
a Три зарисовки
464 Аналитический уровень _0
a Содерж. : Дога Е. Вальс : из кф. "Мой ласковый и нежный зверь"
464 Аналитический уровень _0
a Петров А. А напоследок я скажу : из кф. "Жестокий романс"
464 Аналитический уровень _0
a Налбандян Э. Три зарисовки : Наигрыш ; Пейзаж ; В народном духе
464 Аналитический уровень _0
a Панин П. Концертный этюд
464 Аналитический уровень _0
a Непомнящий А. Тайна
464 Аналитический уровень _0
a Осипов Н. Баллада о море
464 Аналитический уровень _0
a Максименко В. Романс
464 Аналитический уровень _0
a Каржавин С. Утренняя Гавана : гуахира
464 Аналитический уровень _0
a Пахомов В. Аргентинская самба
464 Аналитический уровень _0
a Чайковский П. Сентябрь. Охота : из цикла "Времена года"
464 Аналитический уровень _0
a Гайдн Й. Рондо : из "Сонаты № 43"
464 Аналитический уровень _0
a Скарлатти Д. Соната.
464 Аналитический уровень _0
a Содерж. : Дога Е. Вальс : из кф. "Мой ласковый и нежный зверь"
464 Аналитический уровень _0
a Петров А. А напоследок я скажу : из кф. "Жестокий романс"
464 Аналитический уровень _0
a Налбандян Э. Три зарисовки : Наигрыш ; Пейзаж ; В народном духе
464 Аналитический уровень _0
a Панин П. Концертный этюд
464 Аналитический уровень _0
a Непомнящий А. Тайна
464 Аналитический уровень _0
a Осипов Н. Баллада о море
464 Аналитический уровень _0
a Максименко В. Романс
464 Аналитический уровень _0
a Каржавин С. Утренняя Гавана : гуахира
464 Аналитический уровень _0
a Пахомов В. Аргентинская самба
464 Аналитический уровень _0
a Чайковский П. Сентябрь. Охота : из цикла "Времена года"
464 Аналитический уровень _0
a Гайдн Й. Рондо : из "Сонаты № 43"
464 Аналитический уровень _0
a Скарлатти Д. Соната.
464 Аналитический уровень _0
a Содерж. : Дога Е. Вальс : из кф. "Мой ласковый и нежный зверь"
464 Аналитический уровень _0
a Петров А. А напоследок я скажу : из кф. "Жестокий романс"
464 Аналитический уровень _0
a Налбандян Э. Три зарисовки : Наигрыш ; Пейзаж ; В народном духе
464 Аналитический уровень _0
a Панин П. Концертный этюд
464 Аналитический уровень _0
a Непомнящий А. Тайна
464 Аналитический уровень _0
a Осипов Н. Баллада о море
464 Аналитический уровень _0
a Максименко В. Романс
464 Аналитический уровень _0
a Каржавин С. Утренняя Гавана : гуахира
464 Аналитический уровень _0
a Пахомов В. Аргентинская самба
464 Аналитический уровень _0
a Чайковский П. Сентябрь. Охота : из цикла "Времена года"
464 Аналитический уровень _0
a Гайдн Й. Рондо : из "Сонаты № 43"
464 Аналитический уровень _0
a Скарлатти Д. Соната.
512 Заглавие обложки 1_
a Заглавие обложки Концертные пьесы
606 Тематические рубрики 0_
a Основная рубрика Гитара шестиструнная
x Основная подрубрика Концертные пьесы
610 Ключевые слова 0_
a Ключевые слова гитара шестиструнная
610 Ключевые слова 0_
a Ключевые слова концертные пьесы
686 Индексы других классификаций __
a Классификационный индекс 85.956.41я43
2 Код системы rubbk
702 Вторичная интеллектуальная ответственность _1
a Фамилия Максименко
b Имя (инициалы) В.
4 Код отношения 220
801 Источник записи _0
a Страна RU
b Организация Ульяновская ОНБ
c Дата составления 20170802
g Правила каталогизации RCR
801 Источник записи _1
a Страна RU
b Организация Ульяновская ОНБ
c Дата составления 20170802
g Правила каталогизации RCR
901 Тип документа __
t Тип документа n
w Контрольный № источника RU/УОНБ/EK_N/550842244
909 Создатель записи __
a Создатель записи Лобина Л. И.
910 Корректоры записи __
a Корректор записи Васина
938 Служебная информация __
a Имя БД noti
b Имя библиотеки УОНБ
c Имя АИБС МАРК-SQL
d Номер DOC_ID в БД 16656